00553nam a2200169Ia 450000500170000000800410001708200130005810000220007124500910009326000420018430000160022665000110024265000140025394200060026795200950027399900150036820240517040254.0240331s9999 xx 000 0 und d bMUNa335 aMunroe, Trevor Dr 0aScientific socialism and democratic socialismbTwo Talks to WorkerscDr Trevor, Munroe aJamicabVanguard Publishers Ltdc1982 aii, 74 p ., aSocial aPolitical cL 001040708LaWERCLbWERCLcSSCd2024-03-31l0o 335 MUNp1680r2024-03-31w2024-03-31yL c2787d2787